LEADER 01863nam a2200361 a 4500 001 000000125388 003 CaOOAMICUS 005 20110520144306.0 008 110520s2009 fr u000 u fre r 020 $a978-2-204-08176-4 040 $aPUL$bita 082 04$a103 245 00$aPhilosophie et théologie dans la période antique :$banthologie tome I /$csous la direction de Philippe Capelle-Dumont ; volume dirigé par Jérôme Alexandre ; introduction générale par Philippe Capelle-Dumont. 260 $aParis :$bCerf,$c2009. 300 $aXIII, 397 p. ;$c22 cm 490 1 $aPhilosophie & théologie 500 $aSul front.: Ouvrage publié avec le concours du CNL. 504 $aInclude riferimenti bibliografici ed indice. 650 4$aFilosofia e teologia.$0(OLS)http://pul/subject/5704 700 1 $aAlexandre, Jérôme.$0(OLS)http://pul/name/43831 700 1 $aCapelle-Dumont, Philippe,$d1954-$0(OLS)http://pul/name/65089 787 1 $tPhilosophie et théologie au moyen âge.$dParis : Cerf, 2009.$kPhilosophie & théologie (Cerf)$z978-2-204-08861-9$w()125389 787 1 $tPhilosophie et théologie à l'époque moderne.$dParis : Cerf, 2010.$kPhilosophie & théologie (Cerf)$z978-2-204-08178-8$w()122662 830 0$aPhilosophie & théologie (Cerf).$0(OLS)http://pul/title/104748 850 $aPUL 852 $aPUL$W1$xSL Filosofia 3$y81$m103 COLL 3.2.1$j144403$qDDC 21$B143432$CPULBib$Z2$F143432 $H115575 $82 941 1 $a9 983 0$aPhilosophie et théologie (Cerf) 996 $6020$a978-2-204-08176-4$9(OLS)http://pul/number/147238 996 $6082$a103$9(OLS)http://pul/classification/621 996 $6245$aPhilosophie et théologie dans la période antique :$banthologie tome I$9(OLS)http://pul/title/158104 996 $6260$aParis :$bCerf$9(OLS)http://pul/publisher/48238 LEADER 01592nam a2200349 a 4500 001 000000139172 003 CaOOAMICUS 005 20140718091140.0 008 140709s2014 it u000 u ita r 020 $a978-88-382-4290-8 040 $aPUL$bita 082 04$a261.8 245 00$aDiritto di cittadinanza e uguaglianza sostanziale /$cIgnazio Sanna (ed.) 260 $aRoma :$bStudium,$c2014. 300 $a196 p. ;$c23 cm 490 1 $aCultura. Nuova serie ;$v34 490 1 $aLa dialettica ;$v12 504 $aBibliografia in nota. 650 4$aDottrina sociale della Chiesa$ySec. XXI.$0(OLS)http://pul/subject/40634 650 4$aCittadinanza$xDottrina sociale cristiana.$0(OLS)http://pul/subject/40647 700 1 $aSanna, Ignazio,$carcivesc. di Oristano.$0(OLS)http://pul/name/20154 830 0$aCultura (Studium).$pNuova serie ;$v34.$0(OLS)http://pul/title/163646 830 0$aDialettica ;$v12.$0(OLS)http://pul/title/3052 850 $aPUL 852 $aPUL$W1$xSL Religione 3$y85$m261. 8 SANIG 1$j160777$qDDC 21$B160174$CPULBib$Z2$F160174 $H124376 $82 852 $aPUL$W1$xDP2 Religione 3$y114$m261. 8 SANIG 2$j160894$aseconda copia$qDDC 21$B160329$CPULBib$Z2$F160329 $H124455 $81 941 1 $a9 996 $6020$a978-88-382-4290-8$9(OLS)http://pul/number/155726 996 $6082$a261.8$9(OLS)http://pul/classification/367 996 $6245$aDiritto di cittadinanza e uguaglianza sostanziale$9(OLS)http://pul/title/176212 996 $6260$aRoma :$bStudium$9(OLS)http://pul/publisher/47892